书目信息 |
| 题名: |
玩具之旅
|
|
| 作者: | 王连海 著 | |
| 分册: | ||
| 出版信息: | 北京 中国旅游出版社 2006 |
|
| 页数: | 168页 | |
| 开本: | 21cm | |
| 丛书名: | 中国民间文化遗产旅游丛书 | |
| 单 册: | ||
| 中图分类: | J529 | |
| 科图分类: | ||
| 主题词: | 民间工艺--玩具--研究--中国 , 民间工艺 , 玩具 | |
| 电子资源: | ||
| ISBN: | 7-5032-2787-7 | |
| 000 | 00833oam2 2200265 450 | |
| 001 | 010040032628 | |
| 005 | 20061119143651.59 | |
| 010 | @a7-5032-2787-7@dCNY32.00 | |
| 100 | @a20060324d2006 em y0chiy0110 ea | |
| 101 | 0 | @achi |
| 102 | @aCN@b110000 | |
| 105 | @aab z 000yy | |
| 200 | 1 | @a玩具之旅@9wan ju zhi lu^@f王连海著 |
| 210 | @a北京@c中国旅游出版社@d2006 | |
| 215 | @a168页@c图,地图@d21cm | |
| 225 | 2 | @a中国民间文化遗产旅游丛书 |
| 330 | @a本书采用了以制作材料为标准的分类方法,以泥、布、竹木、陶瓷四大类为骨干,不适宜分入这四类的玩具一律合并为“其他玩具”。 | |
| 461 | 0 | @12001 @a中国民间文化遗产旅游丛书 |
| 606 | 0 | @a民间工艺@x玩具@x研究@y中国 |
| 606 | 0 | @a民间工艺 |
| 606 | 0 | @a玩具 |
| 690 | @aJ529@v4 | |
| 701 | 0 | @a王连海@9wang lian hai@4著 |
| 801 | 0 | @aCN@bRENTIAN@c20061119 |
| 905 | @a10447@dJ529@e163 | |
| 玩具之旅/王连海著.-北京:中国旅游出版社,2006 |
| 168页:图,地图;21cm.-(中国民间文化遗产旅游丛书) |
| ISBN 7-5032-2787-7:CNY32.00 |
| 本书采用了以制作材料为标准的分类方法,以泥、布、竹木、陶瓷四大类为骨干,不适宜分入这四类的玩具一律合并为“其他玩具”。 |
| ● |
| 相关链接 |
|
|
|
|
正题名:玩具之旅
索取号:J529/163
 
预约/预借
| 序号 | 登录号 | 条形码 | 馆藏地/架位号 | 状态 | 备注 |
| 1 | 0391931 | 203919313 | 第一样本阅览室/ [索取号:J529/163] | 在馆 | |
| 2 | 0391932 | 203919322 | 第一借阅区/ [索取号:J529/163] | 在馆 | |
| 3 | 0391933 | 203919331 | 第一借阅区/ [索取号:J529/163] | 在馆 | |
| 4 | 0391934 | 203919340 | 第一借阅区/ [索取号:J529/163] | 在馆 | |
| 5 | 0391935 | 203919359 | 第一借阅区/ [索取号:J529/163] | 在馆 | |
| 6 | 0797073 | 207970739 | 密集书库-资源管理系/ [索取号:J529/163] | 在馆 | |
| 7 | 0797074 | 207970748 | 密集书库-资源管理系/ [索取号:J529/163] | 在馆 |